| 000 | 006250000a22001810004500 | ||
|---|---|---|---|
| 003 | MACL | ||
| 005 | 20160403154232.0 | ||
| 008 | 160403b xxu||||| |||| 00| 0 eng d | ||
| 040 |
_aMACL _cMACL |
||
| 041 | _aHindi | ||
| 082 | _a370 SHA | ||
| 100 |
_aशर्मा मदनलाल _950372 |
||
| 245 | _aक्या हमारे विद़यालय विद़यार्थियों को आकर्षित करते हैं | ||
| 260 |
_bआशा प्रकाशन _c2007 _aनई दिल्ली |
||
| 350 | _a40 | ||
| 650 |
_aEducation _950373 |
||
| 942 |
_cHIN _k370/SHA _2ddc |
||
| 999 |
_c41900 _d41900 |
||